000 01164nam a22002657a 4500
001 BD-DhSAU 7469
003 BD-DhSAU
005 20230408105700.0
008 150422b2006 bg ||||| m||m 00| 0 eng d
040 _aBD-DhSAU
082 _222
_a630.715
_bN141
100 _aAL NAHIAN
_eRegistration No. # 19-10375
245 _aAdverse effect of flood on fish production as perceived by the farmers of gangachara upazila under rangpur district /
_bMS thesis
260 _aSher-e- Bangla Agricultural University:
_bDepartment of Agricultural Extension & Information System,
_c2021.
300 _avii, 52 p. :
_b30 cm.
500 _aMS thesis of Department of Agricultural Extension and Information System, Faculty of Agriculture, Sher-e-Bangla Agricultural University, Dhaka, Bangladesh
590 _aRoy
650 _aflood on fish production
650 _afarmers of gangachara upazila
651 _arangpur district
700 _aProfessor Dr. Md. Sekender Ali
_eSuperviser
700 _aProf. Dr. Mohammed Shofi Ullah
_eCo-Superviser
856 _uhttp://archive.saulibrary.edu.bd:8080/xmlui/handle/123456789/4857
942 _2ddc
_cTHESIS
999 _c16723
_d16722